REALITI SEJARAH : (Record no. 82273)

MARC details
000 -LEADER
fixed length control field 00945nam a2200265 n 4500
001 - CONTROL NUMBER
control field C2-0274504
003 - CONTROL NUMBER IDENTIFIER
control field PPAK
005 - DATE AND TIME OF LATEST TRANSACTION
control field 20240505153227.0
008 - FIXED-LENGTH DATA ELEMENTS--GENERAL INFORMATION
fixed length control field 060926n xx f | 0 may d
020 ## - INTERNATIONAL STANDARD BOOK NUMBER
Qualifying information paperback
040 ## - CATALOGING SOURCE
Original cataloging agency PPAK
Language of cataloging eng
Transcribing agency PPAK
Description conventions rda
082 04 - DEWEY DECIMAL CLASSIFICATION NUMBER
Edition number 23
Classification number 959.5112
090 00 - LOCALLY ASSIGNED LC-TYPE CALL NUMBER (OCLC); LOCAL CALL NUMBER (RLIN)
Classification number (OCLC) (R) ; Classification number, CALL (RLIN) (NR) 959
Feature heading NAI
Feature heading KK
Classification number (OCLC) (R) ; Classification number, CALL (RLIN) (NR) 959.5112
Feature heading NAI
Feature heading KWS
100 0# - MAIN ENTRY--PERSONAL NAME
Personal name Nai Long Kasim Ibni Nai Long Ahmad,
Relator term author.
245 10 - TITLE STATEMENT
Title REALITI SEJARAH :
Remainder of title RAJA MAHA BESAR BENUA SIAM KEDAH PASAI MA /
Statement of responsibility, etc. Disediakan oleh NAI LONG KASIM NAI LONG AHMAD
264 #1 - PRODUCTION, PUBLICATION, DISTRIBUTION, MANUFACTURE, AND COPYRIGHT NOTICE
Place of production, publication, distribution, manufacture [Alor Setar, Kedah?] :
Name of producer, publisher, distributor, manufacturer [publisher not identified],
Date of production, publication, distribution, manufacture, or copyright notice [date of publication not identified]
300 ## - PHYSICAL DESCRIPTION
Extent 8 pages ;
Dimensions 30 cm
336 ## - CONTENT TYPE
Source rdacontent
Content type term text
337 ## - MEDIA TYPE
Source rdamedia
Media type term unmediated
338 ## - CARRIER TYPE
Source rdacarrier
Carrier type term volume
500 ## - GENERAL NOTE
General note Sumber maklumat dari wasiat Nai Long Mahmud cucu Sultan Nai Long Luang Jaafar -- Cover
651 #0 - SUBJECT ADDED ENTRY--GEOGRAPHIC NAME
Geographic name Kedah
Form subdivision History
942 ## - ADDED ENTRY ELEMENTS (KOHA)
Koha item type Book
Source of classification or shelving scheme Dewey Decimal Classification
Holdings
Withdrawn Not for loan Current library Shelving location Date acquired Full call number Barcode Date last seen Koha item type Total Checkouts
  Not For Loan Perpustakaan Alor Setar Koleksi Kedah 26/09/2006 KK 959 NAI A00158517 09/05/2018 Articles  
  Not For Loan Perpustakaan Alor Setar Koleksi Kedah 23/03/2011 KK 959 NAI A00158518 09/05/2018 Articles  
  Not For Loan Perpustakaan Alor Setar Koleksi Wan Shamsudin 08/05/2024 KWS 959 NAI KWS001040 08/05/2024 Book